| 000 | 00578nam a2200241Ia 4500 | ||
|---|---|---|---|
| 008 | 170711s9999 xx 000 0 und d | ||
| 020 | _a9780840032577 | ||
| 050 | _a616.89 | ||
| 050 | _bW388 2011 | ||
| 100 | _aWedding, Danny | ||
| 245 | _aCase studies in psychotherapy / | ||
| 245 | _cby Danny Wedding. | ||
| 250 | _aSixth edition | ||
| 260 | _aUSA : | ||
| 260 | _bCengage, | ||
| 260 | _c2011 | ||
| 300 | _a198 pages : | ||
| 300 | _billustrations ; | ||
| 300 | _c25cm. | ||
| 500 | _aIncludes index. | ||
| 650 | _aPsychotheraphy -- | ||
| 650 | _xCase studies. | ||
| 999 |
_c339604 _d339604 |
||